| 000 | 00748nam a22002531 4500 | ||
|---|---|---|---|
| 001 | 21908 | ||
| 003 | BD-RjUL | ||
| 005 | 20211209000738.0 | ||
| 008 | 140305s1967 enk 000 0 eng | ||
| 035 | _a(BD-RjUL)21973 | ||
| 035 | _a(BD-RjUL)21973 | ||
| 040 |
_aDLC _cODaWU _dOCoLC _dUk _dBD-RjUL _beng |
||
| 041 | _aeng | ||
| 082 |
_a901 _bWIM 1967 |
||
| 100 | 1 |
_aWidgery, Alban G. _q(Alban Gregory), _d1887-1968. _967638 |
|
| 245 | 1 | 4 |
_aThe meanings in history / _cAlban G. Widgery. |
| 260 |
_aLondon, _bAllen & Unwin, _c1967. |
||
| 300 |
_a3-227 p. : _c23 cm. |
||
| 500 | _aImprint covered by label: New York, Humanities Press. | ||
| 650 | 0 |
_aHistory _xPhilosophy. _967639 |
|
| 942 |
_2ddc _cBK |
||
| 999 |
_c21908 _d21908 |
||